<?xml version='1.0' encoding='UTF-8'?>
  <record xmlns="http://www.loc.gov/MARC21/slim">
    <leader>00000cem a2200000 i 4500</leader>
    <controlfield tag="001">ocm71666033</controlfield>
    <controlfield tag="003">OCoLC</controlfield>
    <controlfield tag="005">20250503201204.5</controlfield>
    <controlfield tag="007">aj aauun</controlfield>
    <controlfield tag="008">050808s1790    ne        u     0   dut d</controlfield>
    <datafield tag="040" ind1=" " ind2=" ">
      <subfield code="a">NLGGC</subfield>
      <subfield code="b">dut</subfield>
      <subfield code="e">fobidrtb</subfield>
      <subfield code="c">NLGGC</subfield>
      <subfield code="d">QGJ</subfield>
      <subfield code="d">OCLCO</subfield>
      <subfield code="d">OCLCL</subfield>
      <subfield code="d">OCLCQ</subfield>
    </datafield>
    <datafield tag="029" ind1="0" ind2=" ">
      <subfield code="a">NLGGC</subfield>
      <subfield code="b">283544619</subfield>
    </datafield>
    <datafield tag="034" ind1="1" ind2=" ">
      <subfield code="a">a</subfield>
      <subfield code="b">28000</subfield>
    </datafield>
    <datafield tag="035" ind1=" " ind2=" ">
      <subfield code="a">(OCoLC)71666033</subfield>
    </datafield>
    <datafield tag="045" ind1="0" ind2=" ">
      <subfield code="b">d1788</subfield>
    </datafield>
    <datafield tag="084" ind1=" " ind2=" ">
      <subfield code="a">74.20</subfield>
      <subfield code="2">bcl</subfield>
    </datafield>
    <datafield tag="245" ind1="0" ind2="0">
      <subfield code="a">Nieuwe kaart van de gecombineerde Nieukoopsche Plas, geleegen onder Nieukoop, Zevenhoven, Nieuveen, Schoot, de Graaflykheid, Korteraar, en Aarlanderveen, mitsgaders van de plassen ten noord-oosten onder Zevenhoven, Nieveen, Kalslagen, Uitterbuurt, en de proosdy van St. Jan: /</subfield>
      <subfield code="c">... gedeeltelyk gecopieerd uit de groote kaart van Rhynland, doch ten aanzien der nog ongeveende stukken lands, huis erven, akkers enz. gemeeten en getekend door de geadmitteerde lansmeeters Klaas Vis en Jan Switser in den jaaren 1788 en 1789 ; Leon.d Schenk Jansz. sculpsit 1790.</subfield>
    </datafield>
    <datafield tag="255" ind1=" " ind2=" ">
      <subfield code="a">Schaal [ca. 1:28.000].</subfield>
    </datafield>
    <datafield tag="260" ind1=" " ind2=" ">
      <subfield code="a">[Den Haag :</subfield>
      <subfield code="b">Landsdrukkerij],</subfield>
      <subfield code="c">[1790]</subfield>
    </datafield>
    <datafield tag="300" ind1=" " ind2=" ">
      <subfield code="a">1 kaart. :</subfield>
      <subfield code="b">kopergrav. ;</subfield>
      <subfield code="c">41,5 x 59 cm.</subfield>
    </datafield>
    <datafield tag="336" ind1=" " ind2=" ">
      <subfield code="a">cartografische afbeelding</subfield>
      <subfield code="b">cri</subfield>
      <subfield code="2">rdacontent/dut</subfield>
    </datafield>
    <datafield tag="337" ind1=" " ind2=" ">
      <subfield code="a">zonder medium</subfield>
      <subfield code="b">n</subfield>
      <subfield code="2">rdamedia/dut</subfield>
    </datafield>
    <datafield tag="338" ind1=" " ind2=" ">
      <subfield code="a">vel</subfield>
      <subfield code="b">nb</subfield>
      <subfield code="2">rdacarrier/dut</subfield>
    </datafield>
    <datafield tag="500" ind1=" " ind2=" ">
      <subfield code="a">Linksboven: Resolutie 23 july 1789.</subfield>
    </datafield>
    <datafield tag="500" ind1=" " ind2=" ">
      <subfield code="a">Met opgave van de grootte der plassen in morgens.</subfield>
    </datafield>
    <datafield tag="507" ind1=" " ind2=" ">
      <subfield code="a">Met schaalstok.</subfield>
    </datafield>
    <datafield tag="510" ind1="0" ind2=" ">
      <subfield code="a">Van den Brink, 'In een opslag van het oog', nr. 161</subfield>
    </datafield>
    <datafield tag="651" ind1=" " ind2="7">
      <subfield code="a">Nieuwkoopse plassen.</subfield>
      <subfield code="2">gtt</subfield>
      <subfield code="0">(NL-LeOCL)095955445</subfield>
    </datafield>
    <datafield tag="700" ind1="1" ind2=" ">
      <subfield code="a">Vis, Klaas.</subfield>
    </datafield>
    <datafield tag="700" ind1="1" ind2=" ">
      <subfield code="a">Switser, Jan</subfield>
      <subfield code="q">(Jan Albertsz),</subfield>
      <subfield code="d">1739-1791.</subfield>
      <subfield code="1">https://id.oclc.org/worldcat/entity/E39PCjt4ctbDCWgwXRbqd8G8md</subfield>
    </datafield>
    <datafield tag="700" ind1="1" ind2=" ">
      <subfield code="a">Schenk, Leonardus,</subfield>
      <subfield code="c">Jansz.,</subfield>
      <subfield code="d">1732-1800.</subfield>
      <subfield code="1">https://id.oclc.org/worldcat/entity/E39PCjDk77YdxwXwy4Q4GQP4YK</subfield>
    </datafield>
    <datafield tag="758" ind1=" " ind2=" ">
      <subfield code="a">Nieuwe kaart van de gecombineerde Nieukoopsche Plas, geleegen onder Nieukoop, Zevenhoven, Nieuveen, Schoot, de Graaflykheid, Korteraar, en Aarlanderveen, mitsgaders van de plassen ten noord-oosten onder Zevenhoven, Nieveen, Kalslagen, Uitterbuurt, en de proosdy van St. Jan (CartographicMaterial)</subfield>
      <subfield code="1">https://id.oclc.org/worldcat/entity/E39PCGMjmhcM6mmyXDbHQ849wy</subfield>
      <subfield code="4">https://id.oclc.org/worldcat/ontology/hasWork</subfield>
    </datafield>
    <datafield tag="856" ind1="4" ind2="1">
      <subfield code="u">http://objects.library.uu.nl/reader/resolver.php?obj=002099416&amp;type=2</subfield>
      <subfield code="x">Online</subfield>
      <subfield code="z">Full Text</subfield>
    </datafield>
    <datafield tag="936" ind1=" " ind2=" ">
      <subfield code="a">BATCHLOAD</subfield>
    </datafield>
  </record>